Kommunismus - Statistiken

Allgemein
  • Dieses Quiz wurde 92 mal gespielt
  • Das Durchschnittsergebnis liegt bei 4 aus 17
Antwortstatistiken
Frage Antwort % Korrekt
KPdSU? Kommunistische Partei der Sowjetunion
64%
Aus wievielen Republiken bestand die UdSSR? 15
60%
Wie hiessen die Gegner der Roten Armee? Die Weisse Armee
57%
In welchem Jahr starb Lenin? 1924
46%
UdSSR? Union der Sozialistischen Sowjetrepubliken
46%
Wann anerkannte Deutschland die UdSSR? 1922
43%
In welchem Jahr starb Stalin? 1953
42%
Wann die Schweiz? 1946
32%
Oberstes Parteigremium der KPdSU? Politbüro
19%
Welches Amt übte Stalin ab 1922 aus? Generalsekretär des Politbüros
3%
In welchem Jahr starb Trotzki? 1940 (ermordet in Mexiko)
0%
Mit welcher Strategie entledigte sich Stalin der weiteren Mitstreiter Lenins? Innerparteiliche Intrigen, politische Manöver, brutale Säuberungen, Spielte Fraktionen gegeneinander aus, wechselte immer wieder seine politischen Anscihten und Eingehen von neuen Koalitionen, um immer wieder neue politische Gegner kaltzustellen, Schauprozesse—>Hinrichtung vieler ehemaliger Mitstreiter
0%
Welche Bedeutung kam diesem zu? Kontrolle der Parteimitglieder, Kontrolle der Partei, Ausschaltung politischer Feinde
0%
Erkläre Demokratischer Zentralismus Organisationsprinzip, das demokratische Elemente, wie Wahl der Parteiorgane mit zentralistischen Merkmalen (die oberen Entscheidungen werden zentralistisch nach unten weitergegeben) sowie straffer Parteidisziplin verbindet.
0%
Weshalb zerstritten sich Stalin und Trotzki? Trotzki wollte Kommunismus in der Welt weiter verbreiten, Stalin wollte Sozialismus in Russland stärken und vorantreiben, persönliche Rivalitäten&politische Intrigen, Stalin nutzte Macht, um Trotzki zu isolieren und aus der Partei zu entfernen
0%
Charakterisiere die NEP Wirtschaftspolitische Massnahme, welche teilweise Rückkehr zur Marktwirtschaft erlaubte, um Wirtschaft nach Bürgerkrieg zu stabilisieren.
0%
Wie war die legislative Gewalt in der UdSSR organisiert? Zwei Kammern:Unionssojwet und Nationalitätensowjet, Oberster Sowjet war theoretisch höchstes gesetzgebendes Organ. Die wahre Macht lag jedoch beim Präsidium und dem Staatspräsident
0%
Keine übereinstimmenden Quizze gefunden
Verteilung der Resultate
Anzahl Personen mit jedem Resultat
Perzentil nach korrekt beantworteten Fragen
Ihre Resultats-Entwicklung
Sie haben dieses Quiz noch nicht gespielt